00484 a2200181 450000100060000002000150000604000240002110000260004524000240007124500190009530000080011436200090012244000120013165000310014394200070017495201040018199900170028569420 a8508052952 cAnchieta - Itaigara aDupré, Maria José10aA ilha perdidalpor10aA ilha perdida a1270 a2004 1aÁtica 4aLiteratura infanto-juvenil cBK 00104070a88.1b88.1d2023-11-21l0o028.5 DUP ILHp1736/ITAr2023-11-21 20:03:58w2023-11-21yBK c69420d69420